Esbozos biográficos y pasatiempos matemáticos

Đã lưu trong:
Chi tiết về thư mục
Tác giả chính: Mataix Lorda, Mariano (autor)
Định dạng: Sách
Ngôn ngữ:Tiếng Tây Ban Nha
Được phát hành: Barcelona Marcombo 1993
Những chủ đề:
Các nhãn: Thêm thẻ
Không có thẻ, Là người đầu tiên thẻ bản ghi này!

MARC

LEADER 00000nam a2200000 a 4500
001 UCH8154
003 CL-VaPUC
008 091127e19930000SP |||||||||||||||||spa|d
020 |a 8426709001 
082 0 4 |a 793.74  |b MAT  |2 21 
100 |a Mataix Lorda, Mariano  |e autor  |9 544603 
245 1 0 |a Esbozos biográficos y pasatiempos matemáticos 
300 |a 196 p 
942 |c BK 
945 |d 20091127 00:00:00  |a ccalabra 
260 |a Barcelona  |b Marcombo  |c 1993 
650 0 |a Educación  |9 258661 
650 0 |a Matemática  |9 260235 
650 7 |a JUEGOS MATEMATICOS  |2 CL-VaPUC  |9 544604 
650 7 |a EJERCICIOS MATEMATICOS  |2 CL-VaPUC  |9 459962 
583 |a last modification  |c 20091127 00:00:00  |k Rodrigo Vera 
999 |c 338394  |d 338392